000 00722cab a2200181 4500
001 L130495
008 050804n2005 000 0 eng u
035 _a(Sirsi) u130495
041 _aeng
100 _aHiddleston, Kathryn
245 _aTough times ahead or business as usual
260 _c2005
490 _aContract Journal
_v429(6534) 20 July 2005, 26-29(4)
520 _aLooks at the results of the fourth "Contract Journal" and Grant Thornton business confidence survey. Concludes that optimism about the state of the UK economy and the future of business prospects is low at present but not as severe as 2001. Graphs.
590 _aIKA160805
690 _aBUILT ENVIRONMENT-CONSTRUCTION MARKET
942 _n0
999 _c75653
_d75653